| 000 | 00712aam a2200265 4500 | ||
|---|---|---|---|
| 005 | 20250819131852.0 | ||
| 008 | 150618b2004 xxu||||| |||| 00| 0 spa d | ||
| 020 | _a9977133956 | ||
| 041 | _aESP | ||
| 082 | _a340 H113p | ||
| 100 |
_aHaba, Enrique Pedro _925143 |
||
| 100 |
_aBarth, Jose Francisco _925144 |
||
| 245 | _aLos principios generales del derecho | ||
| 260 | _aCosta Rica | ||
| 260 | _bIJSA | ||
| 260 | _c2004 | ||
| 300 | _a362 páginas | ||
| 490 | _aDirección y Administración de Empresas | ||
| 490 | _aInvestigación Criminal | ||
| 650 | _aDERECHO | ||
| 650 | _aFUENTES DEL DERECHO | ||
| 650 | _aFUNCIONES DISCURSIVAS | ||
| 650 | _aJURISPRUDENCIA COSTARRICENSE | ||
| 942 |
_cBK _2ddc |
||
| 999 |
_c2943 _d2943 |
||